Lo humano Factor esencial para el desarrollo organizacional

Detalles Bibliográficos
Formato: eBook
Lenguaje:español
Publicado: Medelln̕: Universidad Cooperativa de Colombia, 2021
Materias:
Acceso en línea:Acceso restringido

MARC

LEADER 00000nam a22000007a 4500
005 20220609170637.0
007 cr|||| ||||
008 220609s2021 co |||||s|||| 00||0 spa d
020 |a 978-958-760-320-0 
035 |a 36408 
040 |a vLex 
090 |c 13401  |d 13401 
245 0 2 |a Lo humano  |h [Recurso electrn̤ico] :  |b Factor esencial para el desarrollo organizacional 
256 |a Servicio en ln̕ea 
260 |a Medelln̕:  |b Universidad Cooperativa de Colombia,  |c 2021 
300 |a 1 recurso electrn̤ico 
500 |a Una mirada a los elementos fundamentales de sus procesos. 
506 1 |a Disponible solo en los productos indicados  |d vLex Global  |d vLex Global (Academic Edition, excluding Law Schools)  |d vLex Global (U.S. Academic Edition, Law Schools)  |d vLex Global (U.S. Academic Edition, excluding Law Schools)  |d vLex Global (Academic Edition, Law Schools) 
650 0 4 |a Derecho Laboral y Seguridad Social  |z Colombia 
650 0 4 |a Nuevas tecnologa̕s  |z Colombia 
740 0 |a vLex Libros (Servicio en ln̕ea) 
856 4 0 |u https://app.vlex.com/#/sources/36408  |z Acceso restringido 
942 |c BOOK 
999 0 |a Labor Law and Social Security 
999 0 |a New technologies